Most and Least Dense U.S. States on Each Side of the Mississippi River - Statistics

General Stats
  • This quiz has been taken 75 times
  • The average score is 17 of 20
Answer Stats
Answer % Correct
Sparsest in the West 5.9 (2.3) Wyoming
95%
Densest in the West 254 (98) California
94%
Sparsest in the West 7.5 (2.9) Montana
94%
Sparsest in the West 11.3 (4.4) North Dakota
94%
Densest in the East 1,061 (410) Rhode Island
94%
Sparsest in the West 11.7 (4.5) South Dakota
92%
Sparsest in the West 1.3 (.5) Alaska
91%
Sparsest in the East 44.2 (17.1) Maine
89%
Densest in the East 636 (246) Maryland
89%
Densest in the East 901 (348) Massachusetts
89%
Densest in the West 112 (43.1) Texas
89%
Densest in the East 745 (288) Connecticut
86%
Densest in the East 1,263 (488)* New Jersey
86%
Densest in the West 116 (44.8) Washington
86%
Sparsest in the East 63.1 (24.4) Mississippi
83%
Sparsest in the East 69.8 (26.9) Vermont
83%
Densest in the West 227 (87.5) Hawaii
81%
Sparsest in the East 99.2 (38.3) Alabama
80%
Sparsest in the East 74.6 (28.8) West Virginia
78%
Densest in the West 108 (41.6) Louisiana
67%
No matching quizzes found
Score Distribution
Percent of People with Each Score
Percentile by Number Answered
Your Score History
You have not taken this quiz